Statistiques concernant Connaissez-vous vraiment le film Didier ?

Cliquez ici pour prendre le quiz!

Statistiques générales

  • Ce quiz a été pris 56 fois
  • Le résultat moyen est 10 sur 16

Statistiques - réponses

HintRéponse% Correct
Durant quelle décennie est sorti le film ?Les années 90 (1997)
94%
Qui interprète le rôle de Jean-Pierre Costa ?Jean-Pierre Bacri
92%
"Ça me fait un tout petit peu mal au cul de me faire piquer ma gonzesse par mon {chien}."
88%
Qui a réalisé le film ?Alain Chabat
82%
"- Il a pas l’air méchant. - Manquerait plus qu’il {morde} !"
82%
"C’est important : on ne sent pas le {cul} quand on connait pas !"
80%
A quel poste va-t-il être placé durant ce match ?Gardien de but
73%
Contre quelle équipe de foot Didier va-t-il jouer ?Le PSG
67%
Quelle est la race du chien ?Un labrador
67%
"Je trouve limite de donner un prénom {humain} à un chien…"
65%
Quelle est la profession de Jean-Pierre Costa ?Agent de footballeurs
57%
Quel acteur et humoriste interprète le commentateur sportif ?Dieudonné
39%
De quelle nationnalité Jean-Pierre va-t-il faire passer Didier ?Lituanien
39%
"La seule explication c'est comme les trucs {bouddhistes}, c'est une réincarnation mais en super accéléré."
10%
"Et a part {nichon} elle fait quoi dans la vie ?"
8%
Quelle récompense du cinéma le film a-t-il reçu ?Un César du meilleur premier film
8%

Distribution des résultats

Percentile par nombre de réponses

% des personnes avec chaque résultat

Votre développement - résultats

Vous n’avez pas pris ce quiz